Statistics for All the Serie A Winners

Click here to take the quiz!

General Stats

  • This quiz has been taken 342 times
    (72 since last reset)
  • The average score is 83 of 91

Answer Stats

YearWinner% Correct
1929-30Inter Milan
98%
1939-40Inter Milan
98%
2007-08Inter Milan
98%
2008-09Inter Milan
98%
2009-10Inter Milan
98%
1970-71Inter Milan
98%
1988-89Inter Milan
98%
1962-63Inter Milan
98%
1979-80Inter Milan
98%
2005-06Inter Milan
98%
1937-38Inter Milan
98%
1964-65Inter Milan
98%
1965-66Inter Milan
98%
1952-53Inter Milan
98%
1953-54Inter Milan
98%
2020-21Inter Milan
98%
2006-07Inter Milan
98%
1983-84Juventus
97%
1980-81Juventus
97%
1981-82Juventus
97%
1977-78Juventus
97%
1930-31Juventus
97%
1974-75Juventus
97%
1985-86Juventus
97%
2002-03Juventus
97%
1994-95Juventus
97%
1996-97Juventus
97%
1997-98Juventus
97%
2001-02Juventus
97%
2011-12Juventus
97%
2012-13Juventus
97%
2013-14Juventus
97%
2014-15Juventus
97%
2015-16Juventus
97%
2016-17Juventus
97%
2017-18Juventus
97%
2018-19Juventus
97%
2019-20Juventus
97%
1972-73Juventus
97%
1976-77Juventus
97%
1971-72Juventus
97%
1931-32Juventus
97%
1932-33Juventus
97%
1933-34Juventus
97%
1934-35Juventus
97%
1966-67Juventus
97%
1949-50Juventus
97%
1951-52Juventus
97%
1960-61Juventus
97%
1957-58Juventus
97%
1959-60Juventus
97%
1986-87Napoli
97%
1989-90Napoli
97%
2022-23Napoli
97%
1973-74Lazio
94%
1999-00Lazio
94%
1982-83Roma
94%
1941-42Roma
94%
2000-01Roma
94%
1958-59Milan
92%
1998-99MIlan
92%
2021-22Milan
92%
1967-68Milan
92%
2010-11MIlan
92%
1978-79Milan
92%
1950-51Milan
92%
2003-04Milan
92%
1954-55Milan
92%
1992-93Milan
92%
1995-96Milan
92%
1987-88Milan
92%
1956-57Milan
92%
1961-62Milan
92%
1993-94Milan
92%
1991-92Milan
92%
1975-76Torino
74%
1942-43Torino
74%
1945-46Torino
74%
1946-47Torino
74%
1947-48Torino
74%
1948-49Torino
74%
1968-69Fiorentina
71%
1955-56Fiorentina
71%
1940-41Bologna
68%
1938-39Bologna
68%
1936-37Bologna
68%
1935-36Bologna
68%
1963-64Bologna
68%
1990-91Sampdoria
65%
1969-70Cagliari
45%
1984-85Hellas Verona
35%

Score Distribution

Percentile by Number Answered

Percent of People with Each Score

Your Score History

You have not taken this quiz since the last reset